00641nam a2200193Ia 4500008004100000082001300041100001900054245001900073250000800092260003100100300001700131500002400148650001200172700003500184942000700219952010200226952010200328999001700430230524s9999 xx 000 0 und d a530bHAL aRobert Resnick 0aPhysics Vol-II a5TH aNEW DELHIbJohnwileyc2005 a567-1198+129 aQuantity Number: 2 aPhysics a"David Halliday, K.S.Krane,,," cBK 00104070aTATCLbTATCLcGENd2023-05-24l0o530 HALp6072r2023-05-24w2023-05-24yBKzBSCP2201 00104070aTATCLbTATCLcGENd2023-05-24l0o530 HALp6073r2023-05-24w2023-05-24yBKzBSCP2201 c20205d20205